000 00455cac a22001571u 4500
008 081105t2003 xxu|||||r|||| 001 0 eng d
020 _a8177224689
082 0 0 _a004.16
_bHAN
_222
245 1 0 _aPrinciples of mobile computing /
_cUwe Hansmann, [etc...].
250 _a2nd ed.
260 _aNew York :
_bSpringer,
_c2003.
300 _a448 p. :
_bill. ;
_c24 cm.
500 _aIncludes index.
650 0 _aMobile computing.
_933449
942 _cBB
_k004.16HAN
_2ddc
999 _c751
_d751